000
00305nam a22001337a 4500
008
170712b xxu||||| |||| 00| 0 eng d
020
_a
9782850362583
041
_a
eng
080
_a
038
100
_a
26
101
_a
FJA
245
_a
LDICTIONNAIRE DE LA LANGUE FRANQAISE
_c
ROBERT, L
942
_2
udc
_c
BK
999
_c
20353
_d
20353